000
00281cam a2200133ua 4500
041
_a
mal
_h
082
_a
894.812308
_b
GOR/MO
100
_a
Gorki, .
245
_a
Moonnu per /
_c
Gorki.
_h
Textual Documents
300
_a
590 ; .
504
_a
942
_c
BK
999
_c
5200
_d
5200